<?xml version="1.0" encoding="UTF-8"?><?xml-stylesheet type="text/xsl" href="static/style.xsl"?><OAI-PMH xmlns="http://www.openarchives.org/OAI/2.0/" xmlns:xsi="http://www.w3.org/2001/XMLSchema-instance" xsi:schemaLocation="http://www.openarchives.org/OAI/2.0/ http://www.openarchives.org/OAI/2.0/OAI-PMH.xsd"><responseDate>2026-06-03T05:26:56Z</responseDate><request verb="GetRecord" identifier="oai:riuma.uma.es:10630/33000" metadataPrefix="marc">https://riuma.uma.es/rest/oai/request</request><GetRecord><record><header><identifier>oai:riuma.uma.es:10630/33000</identifier><datestamp>2026-02-03T11:02:08Z</datestamp><setSpec>com_10630_2254</setSpec><setSpec>col_10630_37953</setSpec></header><metadata><record xmlns="http://www.loc.gov/MARC21/slim" xmlns:dcterms="http://purl.org/dc/terms/" xmlns:doc="http://www.lyncode.com/xoai" xmlns:xsi="http://www.w3.org/2001/XMLSchema-instance" xsi:schemaLocation="http://www.loc.gov/MARC21/slim http://www.loc.gov/standards/marcxml/schema/MARC21slim.xsd">
   <leader>00925njm 22002777a 4500</leader>
   <datafield ind2=" " ind1=" " tag="042">
      <subfield code="a">dc</subfield>
   </datafield>
   <datafield ind2=" " ind1=" " tag="720">
      <subfield code="a">Pastora Bernal, Jose Manuel</subfield>
      <subfield code="e">author</subfield>
   </datafield>
   <datafield ind2=" " ind1=" " tag="720">
      <subfield code="a">Estebanez Pérez, María José</subfield>
      <subfield code="e">author</subfield>
   </datafield>
   <datafield ind2=" " ind1=" " tag="720">
      <subfield code="a">Molina-Torres, Guadalupe</subfield>
      <subfield code="e">author</subfield>
   </datafield>
   <datafield ind2=" " ind1=" " tag="720">
      <subfield code="a">García López, Francisco José</subfield>
      <subfield code="e">author</subfield>
   </datafield>
   <datafield ind2=" " ind1=" " tag="720">
      <subfield code="a">Sobrino Sanchez, Raquel</subfield>
      <subfield code="e">author</subfield>
   </datafield>
   <datafield ind2=" " ind1=" " tag="720">
      <subfield code="a">Martín-Valero, Rocío</subfield>
      <subfield code="e">author</subfield>
   </datafield>
   <datafield ind2=" " ind1=" " tag="260">
      <subfield code="c">2021-03-12</subfield>
   </datafield>
   <datafield ind2=" " ind1=" " tag="520">
      <subfield code="a">COVID-19 can cause important sequels in the respiratory system and frequently presents loss of strength, dyspnea, polyneuropathies and multi-organic affectation. Physiotherapy interventions acquire a fundamental role in the recovery of the functions and the quality of life. Regarding the recovery phases after hospital discharge, the current evidence available is very preliminary. Telerehabilitation is presented as a promising complementary treatment method to standard physiotherapy. The main objective of this research is to evaluate the effectiveness of a personalized telerehabilitation intervention after discharge from hospital for the improvement of functional capacity and quality of life compared to a program of health education and/or care in a rehabilitation center. As secondary objectives, to identify the satisfaction and perception of patients with the telerehabilitation intervention and the presence of barriers to its implementation, as well as to evaluate the cost-effectiveness from the perspective of the health system. This study protocol will be carried out through a single blind multicenter randomized clinical trial in the south of Spain. We hypothesize that the implementation of a telerehabilitation program presents results not inferior to those obtained with the current standard intervention. If the hypothesis is confirmed, it would be an opportunity to define new policies and interventions to address this disease and its consequences. Trial registration NCT04742946.</subfield>
   </datafield>
   <datafield ind1="8" ind2=" " tag="024">
      <subfield code="a">Pastora-Bernal, J.-M.;  Estebanez-Pérez, M.-J.;  Molina-Torres, G.; García-López,  F.-J.; Sobrino-Sanchez, R.;  Martín-Valero, R. Telerehabilitation  Intervention in Patients with  COVID-19 after Hospital Discharge  to Improve Functional Capacity and  Quality of Life. Study Protocol for a  Multicentre Randomized Clinical  Trial. Int. J. Environ. Res. Public  Health 2021, 18, 2924.</subfield>
   </datafield>
   <datafield ind1="8" ind2=" " tag="024">
      <subfield code="a">https://hdl.handle.net/10630/33000</subfield>
   </datafield>
   <datafield ind1="8" ind2=" " tag="024">
      <subfield code="a">10.3390/ijerph18062924</subfield>
   </datafield>
   <datafield tag="653" ind2=" " ind1=" ">
      <subfield code="a">Rehabilitación - Innovaciones tecnológicas</subfield>
   </datafield>
   <datafield tag="653" ind2=" " ind1=" ">
      <subfield code="a">COVID-19 - Complicaciones y secuelas</subfield>
   </datafield>
   <datafield tag="653" ind2=" " ind1=" ">
      <subfield code="a">Fisioterapia</subfield>
   </datafield>
   <datafield ind2="0" ind1="0" tag="245">
      <subfield code="a">Telerehabilitation Intervention in Patients with COVID-19 after Hospital Discharge to Improve Functional Capacity and Quality of Life. Study Protocol for a Multicenter Randomized Clinical Trial.</subfield>
   </datafield>
</record>
</metadata></record></GetRecord></OAI-PMH>